The analysis of time series : an introduction /
Guardado en:
| Autor Principal: | |
|---|---|
| Formato: | Libro |
| Idioma: | English |
| Publicado: |
London ; New York :
Chapman and Hall,
1984.
|
| Edición: | 3rd ed. |
| Series: | Science paperbacks ;
195 |
| Materias: | |
| Etiquetas: |
Agregar Etiqueta
Sin Etiquetas, Sea el primero en etiquetar este registro!
|
| LEADER | 00751pam a2200241 a 4500 | ||
|---|---|---|---|
| 001 | MAT.inmabb004834 | ||
| 008 | 840104s1984####enka#####b####001#0#eng## | ||
| 005 | 20130225150707.0 | ||
| 245 | 1 | 4 | |a The analysis of time series : |b an introduction / |c C. Chatfield. |
| 250 | |a 3rd ed. | ||
| 260 | |a London ; |a New York : |b Chapman and Hall, |c 1984. | ||
| 300 | |a xiv, 286 p. : |b il. ; |c 22 cm. | ||
| 440 | 0 | |a Science paperbacks ; |v 195 | |
| 504 | |a Bibliografía: p. 263-273. | ||
| 500 | |a Includes indexes. | ||
| 510 | 4 | |a MR, |c 86c:62120 | |
| 020 | |a 0412260301 (pbk.) | ||
| 100 | 1 | |a Chatfield, Christopher. | |
| 650 | 0 | |a Time-series analysis. | |
| 084 | |a 62M10 |2 msc2000 | ||
| 010 | |a 84001695 | ||
| 040 | |a DLC |c DLC |d DLC | ||
| 859 | |h 62 |i C492 |p A-6031 |b BIB. MATEMATICA | ||
